Statistics for First Lines of Rap Songs

Click here to take the quiz!

General Stats

  • This quiz has been taken 162 times
  • The average score is 9 of 16

Answer Stats

First LineAnswer% Correct
His palms are sweaty, knees weak, arms are heavyLose Yourself / Eminem
88%
First things first: rest in peace, Uncle Phil / For realNo Role Modelz / J. Cole
76%
I've got h**s / callin' a young n***a phoneMo Bamba / Sheck Wes
75%
I got black, I got white, what you want?Ransom / Lil Tecca
75%
She told me put my heart in the bag / And nobody gets hurtRobbery / Juice WRLD
68%
Drank and dope turned me to a superhero, yeah, yeahSuperhero (Heroes & Villans) / Metro Boomin, Future, & Chris Brown
66%
Ayy, I remember syrup sandwiches and crime allowancesHUMBLE. / Kendrick Lamar
65%
In the night, I hear 'em talk / The coldest story ever toldHeartless / Kanye West
60%
I am a menace, keep me a rack just like tennisShotta Flow / NLE Choppa
57%
For this life, I cannot change / Hidden Hills, deep off in the mainBUTTERFLY EFFECT / Travis Scott
55%
Return of the Mack / Get em'; what it is? What it does? What it is? What it isn't?Can't Hold Us / Macklemore & Ryan Lewis
49%
Everything litty, I love when it's hotHot / Young Thug
46%
I ain't been getting high / Well, maybe a little, baby, I don't wanna lieiSpy / KYLE, Lil Yachty
45%
Uh, copped a BMW, new deposit I picked up another bagRAPSTAR / Polo G
40%
I ain't get to roll no weed, I ain't get to roll no SwishersMurder on My Mind / YNW Melly
32%
Yeah, huh, life is like a motherf***in' dreamThe Grinch / Trippie Redd
29%

Score Distribution

Percentile by Number Answered

Percent of People with Each Score

Your Score History

You have not taken this quiz